[Event "Bohumin op-A 6th"]
[Site "Bohumin"]
[Date "2023.07.08"]
[Round "8"]
[White "Zabystrzan, Pavel"]
[Black "Mroziak, Maciej"]
[Result "1/2-1/2"]
[WhiteElo "2113"]
[BlackElo "2338"]
[PlyCount "52"]
[EventDate "2023.07.01"]
[EventType "swiss"]
[EventRounds "9"]
[EventCountry "CZE"]
[SourceTitle "CBM 215 Extra"]
[Source "ChessBase"]
[SourceDate "2023.09.30"]
[SourceVersion "1"]
[SourceVersionDate "2023.09.30"]
[SourceQuality "1"]

1. Nf3 d5 2. g3 Nf6 3. Bg2 e6 4. c4 c6 5. b3 Nbd7 6. Qc2 Bd6 7. 0-0 0-0 8. d4 Qe7 9. Nbd2 Re8 10. Bb2 e5 11. dxe5 Nxe5 12. cxd5 cxd5 13. Nd4 Neg4 14. N2f3 Ne4 15. Qd3 Bd7 16. e3 Rac8 17. Ne2 Bc5 18. Bd4 Bxd4 19. Nexd4 Rc3 20. Qe2 Rec8 21. Nd2 Ngf6 22. Nxe4 dxe4 23. Qd2 Qc5 24. Qb2 h5 25. h4 b5 26. b4 Qc7 1/2-1/2

[Event "Moravia-Silesia Region-chT 2223"]
[Site "Czech Republic"]
[Date "2023.02.26"]
[Round "9"]
[White "Muzik, Martin"]
[Black "Zabystrzan, Pavel"]
[Result "1/2-1/2"]
[WhiteElo "2058"]
[BlackElo "2122"]
[PlyCount "20"]
[EventDate "2022.10.09"]
[EventType "team-tourn"]
[EventRounds "11"]
[EventCountry "CZE"]
[SourceTitle "EXT 2024"]
[Source "ChessBase"]
[SourceDate "2023.10.10"]
[SourceVersion "1"]
[SourceVersionDate "2023.10.10"]
[SourceQuality "1"]
[WhiteTeam "Opava Slezan"]
[BlackTeam "Orlova Slavia III"]
[WhiteTeamCountry "CZE"]
[BlackTeamCountry "CZE"]

1. e4 c5 2. c4 Nc6 3. g3 g6 4. Bg2 Bg7 5. Ne2 d6 6. 0-0 Nf6 7. Nbc3 0-0 8. d3 Bd7 9. h3 a6 10. Be3 Rb8 1/2-1/2

[Event "CZE-chT1E 2223"]
[Site "Czech Republic"]
[Date "2022.12.11"]
[Round "5.5"]
[White "Zabystrzan, Pavel"]
[Black "Didi, Jan"]
[Result "1/2-1/2"]
[WhiteElo "2126"]
[BlackElo "2005"]
[PlyCount "39"]
[EventDate "2022.10.08"]
[EventType "team-tourn"]
[EventRounds "11"]
[EventCountry "CZE"]
[SourceTitle "CBM 213 Extra"]
[Source "ChessBase"]
[SourceDate "2023.05.31"]
[SourceVersion "1"]
[SourceVersionDate "2023.05.31"]
[SourceQuality "1"]
[WhiteTeam "Orlova Slavia"]
[BlackTeam "Ostrava"]
[WhiteTeamCountry "CZE"]
[BlackTeamCountry "CZE"]

1. Nf3 Nf6 2. g3 c5 3. Bg2 Nc6 4. c4 d5 5. cxd5 Nxd5 6. Nc3 Nc7 7. a3 e5 8. 0-0 Be7 9. b4 f6 10. bxc5 Bxc5 11. Na4 Be7 12. d3 Be6 13. Be3 0-0 14. Nc5 Bxc5 15. Bxc5 Re8 16. Rc1 Rc8 17. Nd2 Qd7 18. Ne4 Red8 19. Be3 Na6 20. Nc5 1/2-1/2

[Event "Moravia-Silesia Region-chT 2223"]
[Site "Czech Republic"]
[Date "2022.10.23"]
[Round "2"]
[White "Zabystrzan, Pavel"]
[Black "Vanek, Ladislav"]
[Result "0-1"]
[WhiteElo "2122"]
[BlackElo "2131"]
[PlyCount "62"]
[EventDate "2022.10.09"]
[EventType "team-tourn"]
[EventRounds "11"]
[EventCountry "CZE"]
[SourceTitle "EXT 2024"]
[Source "ChessBase"]
[SourceDate "2023.10.10"]
[SourceVersion "1"]
[SourceVersionDate "2023.10.10"]
[SourceQuality "1"]
[WhiteTeam "Orlova Slavia III"]
[BlackTeam "Bruntal"]
[WhiteTeamCountry "CZE"]
[BlackTeamCountry "CZE"]

1. Nf3 Nc6 2. d4 d5 3. Bf4 f6 4. Nbd2 g5 5. Be3 Nh6 6. Nb3 Nf5 7. Qd3 g4 8. Ng1 e5 9. c3 a5 10. a4 Be6 11. Bd2 Nd6 12. e3 Bf5 13. Qe2 h5 14. Qd1 Qe7 15. Bb5 Kf7 16. Bxc6 bxc6 17. Ne2 h4 18. 0-0 h3 19. Ng3 hxg2 20. Kxg2 Be4+ 21. Nxe4 Nxe4 22. f3 gxf3+ 23. Rxf3 Rb8 24. Be1 Qe6 25. dxe5 Qg4+ 26. Bg3 Rxb3 27. Qxb3 Qxf3+ 28. Kxf3 Nd2+ 29. Ke2 Nxb3 30. Rf1 Rh6 31. exf6 Bd6 0-1

[Event "CZE-ch Amateur"]
[Site "Luhacovice"]
[Date "2022.03.17"]
[Round "7"]
[White "Zabystrzan, Pavel"]
[Black "Strapec, Lukas"]
[Result "1-0"]
[WhiteElo "2162"]
[BlackElo "1835"]
[PlyCount "141"]
[EventDate "2022.03.12"]
[EventType "swiss"]
[EventRounds "9"]
[EventCountry "CZE"]
[SourceTitle "EXT 2023"]
[Source "ChessBase"]
[SourceDate "2022.10.05"]
[SourceVersion "1"]
[SourceVersionDate "2022.10.05"]
[SourceQuality "1"]

1. Nf3 d5 2. c4 c6 3. e3 Nf6 4. Nc3 g6 5. d4 Bg7 6. Be2 0-0 7. 0-0 dxc4 8. Bxc4 Nbd7 9. h3 Nb6 10. Bb3 Bf5 11. Qe2 Be4 12. Nxe4 Nxe4 13. Qc2 Nd6 14. Bd2 Nd7 15. Rac1 Re8 16. Rfd1 a5 17. a4 e5 18. dxe5 Nxe5 19. Nxe5 Bxe5 20. Bc3 Qf6 21. Bxe5 Rxe5 22. Rd4 Nf5 23. Rd7 Re7 24. Rcd1 Rae8 25. Bc4 Rxd7 26. Rxd7 Re7 27. Rd8+ Kg7 28. Qd2 Qe5 29. g4 Nh4 30. Be2 Qe4 31. Qd4+ Re5 32. Qxe4 Rxe4 33. b3 Re7 34. Kh2 g5 35. Kg3 Ng6 36. Bd3 Ne5 37. Bf5 h6 38. f4 Ng6 39. Kf2 gxf4 40. exf4 Nxf4 41. h4 Nd5 42. Rb8 b6 43. Bd3 Re6 44. Bc4 Re4 45. Rc8 Re6 46. Rd8 Rf6+ 47. Kg3 Nc3 48. Rb8 Ne4+ 49. Kg2 c5 50. Bd5 Nc3 51. Bc4 Ne4 52. Bd5 Nc3 53. Bc4 Rf4 54. Rxb6 Rxg4+ 55. Kf3 Rg6 56. Rb7 Rf6+ 57. Ke3 Rf5 58. Ra7 Nd1+ 59. Ke4 Rf6 60. Rxa5 Nf2+ 61. Kd5 Rf5+ 62. Kc6 Ne4 63. Ra7 Rf4 64. a5 Rf6+ 65. Kd5 Re6 66. a6 Kf6 67. Rc7 Re5+ 68. Kc6 Nc3 69. Rxf7+ Kg6 70. a7 Re8 71. Rf3 1-0

[Event "CZE-ch Amateur"]
[Site "Luhacovice"]
[Date "2022.03.15"]
[Round "5"]
[White "Zabystrzan, Pavel"]
[Black "Novotny, Josef2222"]
[Result "1-0"]
[WhiteElo "2162"]
[BlackElo "2033"]
[PlyCount "59"]
[EventDate "2022.03.12"]
[EventType "swiss"]
[EventRounds "9"]
[EventCountry "CZE"]
[SourceTitle "EXT 2023"]
[Source "ChessBase"]
[SourceDate "2022.10.05"]
[SourceVersion "1"]
[SourceVersionDate "2022.10.05"]
[SourceQuality "1"]

1. Nf3 e6 2. g3 d6 3. d4 g6 4. Bg2 Bg7 5. c4 Nc6 6. Nc3 Nf6 7. 0-0 0-0 8. e4 h6 9. d5 Na5 10. Qd3 exd5 11. cxd5 c5 12. dxc6 bxc6 13. Rd1 Ne8 14. Be3 Be6 15. b3 c5 16. Nd2 Rc8 17. Rac1 Nc6 18. Nc4 Bxc4 19. Qxc4 Ne5 20. Qe2 Qa5 21. Nd5 Nc6 22. b4 Qa4 23. bxc5 Kh7 24. Qc4 Qxc4 25. Rxc4 Ne5 26. Rcc1 Ng4 27. c6 Nxe3 28. Nxe3 Bb2 29. Rc2 Ba3 30. Bh3 1-0

[Event "CZE-ch Amateur"]
[Site "Luhacovice"]
[Date "2022.03.14"]
[Round "4"]
[White "Lang, Simon"]
[Black "Zabystrzan, Pavel"]
[Result "0-1"]
[WhiteElo "1812"]
[BlackElo "2162"]
[PlyCount "68"]
[EventDate "2022.03.12"]
[EventType "swiss"]
[EventRounds "9"]
[EventCountry "CZE"]
[SourceTitle "EXT 2023"]
[Source "ChessBase"]
[SourceDate "2022.10.05"]
[SourceVersion "1"]
[SourceVersionDate "2022.10.05"]
[SourceQuality "1"]

1. e4 c6 2. d4 d5 3. exd5 cxd5 4. c4 Nf6 5. Nc3 g6 6. Qb3 Bg7 7. cxd5 0-0 8. Be2 Na6 9. Bf3 Qb6 10. Qxb6 axb6 11. Nge2 Nb4 12. 0-0 Rd8 13. Bg5 Nbxd5 14. Nxd5 Nxd5 15. Bxd5 Rxd5 16. Bxe7 Bg4 17. f3 Re8 18. fxg4 Rxe7 19. Rfe1 Rb5 20. Rab1 Re4 21. h3 Kf8 22. Kf2 f5 23. Kf3 Bxd4 24. gxf5 Re3+ 25. Kg4 Rbe5 26. Nxd4 Rxe1 27. Rxe1 Rxe1 28. Ne6+ Ke7 29. Ng5 h6 30. Nf3 Re4+ 31. Kg3 gxf5 32. Nh4 Kf6 33. Nf3 Re2 34. Kf4 Rxg2 0-1

[Event "CZE-chT2F 2122"]
[Site "Czech Republic"]
[Date "2022.02.13"]
[Round "8.3"]
[White "Zabystrzan, Pavel"]
[Black "Krajina, Ales"]
[Result "1/2-1/2"]
[WhiteElo "2162"]
[BlackElo "2138"]
[PlyCount "78"]
[EventDate "2021.10.17"]
[EventType "team-tourn"]
[EventRounds "11"]
[EventCountry "CZE"]
[SourceTitle "EXT 2024"]
[Source "ChessBase"]
[SourceDate "2023.10.10"]
[SourceVersion "1"]
[SourceVersionDate "2023.10.10"]
[SourceQuality "1"]
[WhiteTeam "Orlova Slavia II"]
[BlackTeam "Ostrava"]
[WhiteTeamCountry "CZE"]
[BlackTeamCountry "CZE"]

1. Nf3 d5 2. c4 c6 3. e3 Nf6 4. Nc3 e6 5. d4 Bd6 6. Bd3 Nbd7 7. 0-0 0-0 8. e4 dxc4 9. Bxc4 e5 10. Bg5 h6 11. Bh4 Qe7 12. Bg3 exd4 13. Bxd6 Qxd6 14. Qxd4 Qxd4 15. Nxd4 b5 16. Bb3 b4 17. Na4 c5 18. Nf5 Ba6 19. Rfe1 c4 20. Bc2 Rfe8 21. f4 Rab8 22. Rad1 b3 23. axb3 cxb3 24. Bb1 Rb4 25. Nc3 Nb6 26. g3 Nfd7 27. Nd6 Rb8 28. e5 Nc5 29. Rd2 Nc4 30. Nxc4 Rxc4 31. Red1 g6 32. Nd5 Kg7 33. Nc3 Na4 34. Nxa4 Rxa4 35. Kf2 Bc8 36. Rd8 Rab4 37. Ke3 Be6 38. Rxb8 Rxb8 39. Bd3 Rb7 1/2-1/2

[Event "CZE-chT2F 2122"]
[Site "Czech Republic"]
[Date "2021.12.19"]
[Round "5.3"]
[White "Tymrakiewicz, Rafal"]
[Black "Zabystrzan, Pavel"]
[Result "1/2-1/2"]
[WhiteElo "2225"]
[BlackElo "2172"]
[PlyCount "107"]
[EventDate "2021.10.17"]
[EventType "team-tourn"]
[EventRounds "11"]
[EventCountry "CZE"]
[SourceTitle "EXT 2024"]
[Source "ChessBase"]
[SourceDate "2023.10.10"]
[SourceVersion "1"]
[SourceVersionDate "2023.10.10"]
[SourceQuality "1"]
[WhiteTeam "Trinec II"]
[BlackTeam "Orlova Slavia II"]
[WhiteTeamCountry "CZE"]
[BlackTeamCountry "CZE"]

1. e4 c6 2. d4 d5 3. exd5 cxd5 4. c4 Nf6 5. Nc3 g6 6. cxd5 Bg7 7. Bc4 0-0 8. Nge2 Na6 9. 0-0 Bf5 10. Bb3 Nc7 11. Bg5 Ncxd5 12. Nxd5 Nxd5 13. Re1 h6 14. Be3 Nxe3 15. fxe3 Bg4 16. Qd3 Bxe2 17. Rxe2 e6 18. Rf1 Qd6 19. Qe4 Qa6 20. Ref2 Rae8 21. g4 Qc6 22. Qd3 Re7 23. h4 Qd6 24. h5 g5 25. Kg2 e5 26. Bc2 e4 27. Qe2 Rc8 28. Bb3 Rcc7 29. Rf5 a6 30. R1f2 Rcd7 31. Qf1 Qc7 32. Rc2 Qd8 33. Rfc5 Rc7 34. Qc1 Rxc5 35. Rxc5 Qd7 36. Kh3 Qd6 37. a4 Qb6 38. Qc4 Qd6 39. a5 Re6 40. Rd5 Qe7 41. Rf5 Rf6 42. Qf1 Qb4 43. Bd5 Qd2 44. Rxf6 Qxe3+ 45. Kg2 Bxf6 46. Qxf6 Qe2+ 47. Kg3 Qe3+ 48. Kg2 Qe2+ 49. Kh3 Qe3+ 50. Kh2 Qe2+ 51. Kg3 Qe3+ 52. Kg2 Qe2+ 53. Kg1 Qd1+ 54. Kg2 1/2-1/2

[Event "CZE-chT1E 1920"]
[Site "Czech Republic"]
[Date "2019.11.10"]
[Round "2.3"]
[White "Zabystrzan, Pavel"]
[Black "Mica, Marek"]
[Result "0-1"]
[WhiteElo "2244"]
[BlackElo "2158"]
[PlyCount "114"]
[EventDate "2019.10.20"]
[EventType "team-tourn"]
[EventRounds "11"]
[EventCountry "CZE"]
[SourceTitle "CBM 193 Extra"]
[Source "ChessBase"]
[SourceDate "2020.01.31"]
[SourceVersion "1"]
[SourceVersionDate "2020.01.31"]
[SourceQuality "1"]
[WhiteTeam "Orlova Slavia"]
[BlackTeam "Frydek Mistek II"]
[WhiteTeamCountry "CZE"]
[BlackTeamCountry "CZE"]

1. g3 Nf6 2. Nf3 d5 3. Bg2 Bg4 4. d3 Nbd7 5. Nbd2 e5 6. h3 Bh5 7. g4 Bg6 8. Nh4 Bd6 9. e4 dxe4 10. Nxg6 hxg6 11. Nxe4 Nxe4 12. Bxe4 Nc5 13. Be3 c6 14. Qe2 Ne6 15. 0-0-0 Qa5 16. Kb1 0-0-0 17. h4 Kb8 18. h5 g5 19. Bf5 Nd4 20. Bxd4 exd4 21. Qd2 Qxd2 22. Rxd2 g6 23. Be4 f5 24. gxf5 gxh5 25. f3 Bf4 26. Rg2 Kc7 27. c3 Kd6 28. cxd4 Ke7 29. Rc2 Rxd4 30. Rc3 Kf6 31. Ra3 Bb8 32. Rb3 Rd7 33. Kc2 Rhh7 34. Kd2 Bf4+ 35. Ke2 Rd4 36. Kf2 Ra4 37. a3 Ra5 38. Kg2 Rc5 39. d4 Rc4 40. Rd1 Rd7 41. d5 cxd5 42. Rxd5 Rxd5 43. Bxd5 Rc2+ 44. Kg1 h4 45. Be4 Rd2 46. Rd3 Rxb2 47. Rd1 h3 48. Rb1 Rg2+ 49. Kh1 b6 50. a4 Ra2 51. Bc6 Kxf5 52. a5 bxa5 53. Re1 h2 54. Be4+ Kf6 55. Bd5 Rd2 56. Bb3 Rf2 57. Bd5 a4 0-1

[Event "CZE-chT1E 1819"]
[Site "Czech Republic"]
[Date "2019.04.07"]
[Round "11.5"]
[White "Novotny, Josef1111"]
[Black "Zabystrzan, Pavel"]
[Result "0-1"]
[WhiteElo "2010"]
[BlackElo "2209"]
[PlyCount "68"]
[EventDate "2018.10.21"]
[EventType "team-tourn"]
[EventRounds "11"]
[EventCountry "CZE"]
[SourceTitle "EXT 2020"]
[Source "ChessBase"]
[SourceDate "2019.10.17"]
[SourceVersion "1"]
[SourceVersionDate "2019.10.17"]
[SourceQuality "1"]
[WhiteTeam "Rychnov nad Kneznou"]
[BlackTeam "Orlova Slavia"]
[WhiteTeamCountry "CZE"]
[BlackTeamCountry "CZE"]

1. e3 g6 2. d3 Bg7 3. g3 c5 4. Bg2 Nc6 5. c3 Nf6 6. Na3 d5 7. Qe2 0-0 8. Nf3 e5 9. e4 d4 10. c4 Ne8 11. h4 Bg4 12. Bh3 Bxh3 13. Rxh3 Qd7 14. Rh1 h5 15. Bd2 Qg4 16. Nh2 Qxe2+ 17. Kxe2 f5 18. f3 Kh7 19. Bg5 Bh6 20. g4 hxg4 21. fxg4 fxe4 22. dxe4 Bxg5 23. hxg5 Nd6 24. Nf3+ Kg7 25. Nd2 Rf4 26. Rh4 Nxe4 27. Nxe4 Rxe4+ 28. Kd2 Rh8 29. Rah1 Rxh4 30. Rxh4 a6 31. Nc2 Rf4 32. a3 e4 33. b4 Ne5 34. bxc5 Nf3+ 0-1

[Event "CZE-chT1E 1819"]
[Site "Czech Republic"]
[Date "2018.11.11"]
[Round "2.5"]
[White "Sikorova, Olga"]
[Black "Zabystrzan, Pavel"]
[Result "1/2-1/2"]
[WhiteElo "2276"]
[BlackElo "2209"]
[PlyCount "147"]
[EventDate "2018.10.21"]
[EventType "team-tourn"]
[EventRounds "11"]
[EventCountry "CZE"]
[SourceTitle "CBM 187 Extra"]
[Source "ChessBase"]
[SourceDate "2018.11.04"]
[SourceVersion "1"]
[SourceVersionDate "2018.11.04"]
[SourceQuality "1"]
[WhiteTeam "Trinec"]
[BlackTeam "Orlova Slavia"]
[WhiteTeamCountry "CZE"]
[BlackTeamCountry "CZE"]

1. c4 Nf6 2. Nf3 c5 3. Nc3 e6 4. g3 b6 5. Bg2 Bb7 6. 0-0 Be7 7. b3 0-0 8. Bb2 d5 9. e3 Nbd7 10. d3 Qc7 11. Qe2 Rad8 12. h3 dxc4 13. bxc4 Bxf3 14. Bxf3 Ne5 15. Rfd1 Nxf3+ 16. Qxf3 Rd7 17. Nb5 Qb7 18. Qxb7 Rxb7 19. Bxf6 Bxf6 20. Rab1 Rd7 21. Kf1 a6 22. Na3 Rb8 23. Rb3 Rdb7 24. Rdb1 Be7 25. Nc2 b5 26. cxb5 axb5 27. Na3 b4 28. Nc4 Ra7 29. a3 Rba8 30. axb4 cxb4 31. d4 f6 32. Ke2 Rc7 33. Nd2 Kf7 34. Kd1 f5 35. Rc1 Rca7 36. Nc4 Kf6 37. Nb6 Rb8 38. Nc8 Ra2 39. Nxe7 Kxe7 40. Rc2 Ra1+ 41. Ke2 Kd6 42. Rcb2 Ra4 43. Kd3 Kd5 44. f3 h5 45. h4 Ra1 46. e4+ fxe4+ 47. fxe4+ Kd6 48. Rb1 Rba8 49. Rxb4 Rxb1 50. Rxb1 Ra3+ 51. Kc4 Rxg3 52. e5+ Kc6 53. Ra1 g5 54. hxg5 Rxg5 55. Ra6+ Kd7 56. Ra7+ Kc6 57. Re7 Rg6 58. Rh7 Rg1 59. Rxh5 Rc1+ 60. Kd3 Kd5 61. Rh8 Rd1+ 62. Ke3 Re1+ 63. Kd3 Rd1+ 64. Kc3 Ke4 65. Rd8 Rc1+ 66. Kb4 Rc7 67. Kb5 Rc1 68. Rd6 Rc2 69. Kb6 Rc4 70. Rxe6 Rxd4 71. Re8 Rc4 72. e6 Ke5 73. e7 Ke6 74. Rh8 1/2-1/2

[Event "CZE-chT2F 1819"]
[Site "Czech Republic"]
[Date "2018.11.04"]
[Round "2.3"]
[White "Muratidis, Nikos"]
[Black "Zabystrzan, Pavel"]
[Result "1/2-1/2"]
[WhiteElo "2171"]
[BlackElo "2215"]
[PlyCount "20"]
[EventDate "2018.10.14"]
[EventType "team-tourn"]
[EventRounds "11"]
[EventCountry "CZE"]
[SourceTitle "EXT 2022"]
[Source "ChessBase"]
[SourceDate "2021.10.06"]
[SourceVersion "1"]
[SourceVersionDate "2021.10.06"]
[SourceQuality "1"]
[WhiteTeam "Opava KVS"]
[BlackTeam "Orlova Slavia II"]
[WhiteTeamCountry "CZE"]
[BlackTeamCountry "CZE"]

1. Nf3 Nf6 2. d4 g6 3. Bf4 Bg7 4. e3 d6 5. Nbd2 Nbd7 6. Bc4 0-0 7. 0-0 Qe8 8. h3 e5 9. dxe5 Nxe5 10. Bh2 Qe7 1/2-1/2